000 00717nam a2200253Ia 4500
003 OSt
005 20220918163414.0
006 a|||||r|||| 00| 0
007 ta
008 220917b |||||||| |||| 00| 0 eng d
020 _a0 7100 7598 7
024 _a32,278
037 _cTextual
040 _aARTS
_cARTS
_beng
041 _2eng
_aeng
082 _aO111,3:gM, L3
100 _aBrooks Douglas
_912979
245 0 _aNumber and pattern in the 18th century novel
_b Defoe Fielding Smollett and Sterne
260 _aLondon
_bRoutledge UK
_c1973
300 _ax;198p.
_ccm.
650 _aENGLISH LITERATURE
942 _hO111,3:gM, L3
_cTEXL
_2CC
999 _c119391
_d119391